Highest Rated Shows (1950-2015) Quiz Stats

Quiz Updated Dec 1, 2017

Challenge
Share
Tweet
The highest overall rated series each year has an asterisk at the end of the Year field.
Score 0/231 Timer 15:00
9 Plays Today
Network TV Series % Correct
NBCFriends
75.2%
NBCFriends
75.2%
NBCFRIENDS
75.2%
FoxAMERICAN IDOL
70.2%
FoxAMERICAN IDOL
70.2%
FoxAMERICAN IDOL
70.2%
FoxAMERICAN IDOL
70.2%
FoxAMERICAN IDOL
70.2%
FoxAMERICAN IDOL
70.2%
FoxAMERICAN IDOL
70.2%
FoxAMERICAN IDOL
70.2%
FoxAmerican Idol
69%
FoxAmerican Idol
69%
FoxAmerican Idol
69%
FoxThe Simpsons
67.9%
FoxThe Simpsons
67.9%
FoxThe Simpsons
67.9%
FoxThe Simpsons
67.9%
FoxThe Simpsons
67.9%
NBCSEINFELD
67%
NBCSEINFELD
67%
NBCSeinfeld
67%
CBSCSI: Crime Scene Investigation
66.9%
CBSCSI: Crime Scene Investigation
66.9%
CBSCSI: Crime Scene Investigation
66.9%
CBSCSI: Crime Scene Investigation
66.9%
CBSCSI: Crime Scene Investigation
66.9%
CBSCSI: Crime Scene Investigation
66.9%
CBSCSI: Crime Scene Investigation
66.9%
CBSCSI: Crime Scene Investigation
66.9%
CBSNCIS
65.1%
CBSTHE BIG BANG THEORY
64.8%
NBCCheers
62.1%
NBCCheers
62.1%
NBCCHEERS
62.1%
CBSNCIS
60.3%
CBSNCIS
60.3%
CBSNCIS
60.3%
CBSM*A*S*H
56.4%
NBCER
52.6%
NBCER
52.6%
NBCER
52.6%
NBCER
52.6%
NBCER
52.6%
CBSI LOVE LUCY
52%
CBSI LOVE LUCY
52%
CBSI LOVE LUCY
52%
CBSSURVIVOR
51.4%
ABCModern Family/Scandal
50.1%
NBCSunday Night Football
49.8%
NBCSunday Night Football
49.8%
ABCDancing With the Stars
49.6%
ABCDancing With the Stars
49.6%
NBCTHE COSBY SHOW
49.1%
NBCTHE COSBY SHOW
49.1%
NBCTHE COSBY SHOW
49.1%
NBCTHE COSBY SHOW
49.1%
NBCTHE COSBY SHOW
49.1%
NBCThe Cosby Show
49.1%
CBSNCIS
46.8%
CBSALL IN THE FAMILY
46.5%
CBSALL IN THE FAMILY
46.5%
CBSALL IN THE FAMILY
46.5%
CBSALL IN THE FAMILY
46.5%
CBSALL IN THE FAMILY
46.5%
FoxThe X-Files
45.9%
NBCSUNDAY NIGHT FOOTBALL
44%
CBS60 Minutes
43.8%
CBS60 Minutes
43.8%
CBS60 Minutes
43.8%
CBS60 Minutes
43.8%
CBS60 MINUTES
43.8%
CBS60 MINUTES
43.8%
CBS60 MINUTES
43.8%
CBS60 Minutes
43.8%
CBS60 Minutes
43.8%
CBS60 Minutes
43.8%
Network TV Series % Correct
CBS60 MINUTES
43.8%
CBS60 MINUTES
43.8%
CBS60 Minutes
43.8%
CBS60 Minutes
43.8%
NBCSUNDAY NIGHT FOOTBALL
43.4%
NBCSunday Night Football
43.4%
NBCSUNDAY NIGHT FOOTBALL
43.4%
ABCMonday Night Football
42.5%
ABCMonday Night Football
42.5%
ABCMonday Night Football
42.5%
ABCMonday Night Football
42.5%
ABCMonday Night Football
42.5%
ABCMonday Night Football
42.5%
ABCMonday Night Football
42.5%
ABCDancing With the Stars
41.7%
ABCDancing With the Stars
41.7%
ABCDancing With the Stars
41.7%
CBSDallas
41.6%
CBSDALLAS
41.6%
CBSDALLAS
41.6%
CBSDALLAS
41.6%
ABCDancing With the Stars
37.7%
ABCDancing With the Stars
37.7%
ABCDancing With the Stars
37.7%
ABCHAPPY DAYS
37.7%
ABCGrey's Anatomy
37.3%
NBCSunday Night Football
35.9%
NBCSunday Night Football
35.9%
NBCSunday Night Football
35.9%
NBCSunday Night Football
35.9%
NBCSunday Night Football
35.9%
ABCDesperate Housewives
33.8%
ABCDesperate Housewives
33.8%
ABCDesperate Housewives
33.8%
CBSGunsmoke
30.5%
CBSGunsmoke
30.5%
CBSGUNSMOKE
30.5%
CBSGUNSMOKE
30.5%
CBSGUNSMOKE
30.5%
CBSGUNSMOKE
30.5%
CBSGUNSMOKE
30.5%
CBSThursday Night Football
30.3%
NBCBonanza
30%
NBCBONANZA
30%
NBCBONANZA
30%
NBCBONANZA
30%
NBCBonanza
30%
NBCBonanza
30%
FoxMarried... With Children
29.3%
FoxMarried... With Children
29.3%
ABCDynasty
27.7%
ABCDYNASTY
27.7%
ABCDynasty
27.7%
ABCDynasty
27.7%
ABCRoseanne
25.1%
ABCRoseanne
25.1%
ABCRoseanne
25.1%
ABCRoseanne
25.1%
ABCRoseanne
25.1%
FoxThe X-Files
25.1%
FoxThe X-Files
25.1%
FoxThe X-Files
25.1%
FoxThe X-Files
25.1%
CBSTHE ANDY GRIFFITH SHOW
24.8%
ABCHome Improvement
24.4%
ABCHome Improvement
24.4%
FoxEmpire
24.3%
ABCLAVERNE & SHIRLEY
23%
ABCLAVERNE & SHIRLEY
23%
ABCWHO WANTS TO BE A MILLIONAIRE?
22.2%
ABCWHO WANTS TO BE A MILLIONAIRE?
22.2%
ABCThree's Company
19.5%
ABCThree's Company
19.5%
CBSTHE BEVERLY HILLBILLIES
19.3%
CBSTHE BEVERLY HILLBILLIES
19.3%
ABCBewitched
19.3%
ABCBewitched
19.3%
Network TV Series % Correct
ABCBewitched
19.3%
ABCBewitched
19.3%
FoxEmpire
18.5%
CBSMurder, She Wrote
17.5%
CBSMurder, She Wrote
17.5%
CBSMurder, She Wrote
17.5%
ABCThe Love Boat
16.4%
FoxBeverly Hills 90210
16.1%
NBCLittle House on the Prairie
15.4%
NBCLittle House on the Prairie
15.4%
NBCLittle House on the Prairie
15.4%
NBCROWAN & MARTIN'S LAUGH-IN
14%
NBCROWAN & MARTIN'S LAUGH-IN
14%
NBCSanford & Son
13.4%
NBCSanford & Son
13.4%
NBCSanford & Son
13.4%
NBCSanford & Son
13.4%
ABCGrowing Pains
13.2%
ABCGrowing Pains
13.2%
NBCDragnet
12.8%
NBCDragnet
12.8%
NBCDragnet
12.8%
NBCThe A-Team
11.9%
NBCThe A-Team
11.9%
ABCMy Three Sons
10.4%
FoxMalcolm in the Middle
10.1%
NBCThe Apprentice
10.1%
ABCMarcus Welby, M.D.
9.9%
ABCMarcus Welby, M.D.
9.9%
ABCMARCUS WELBY, M.D.
9.9%
ABCMarcus Welby, M.D.
9.9%
ABCBatman
8.9%
Fox21 Jump Street
8.8%
NBCDeal or No Deal
8.4%
NBCWAGON TRAIN
8%
NBCWagon Train
8%
NBCWagon Train
8%
NBCWagon Train
8%
CBSGomer Pyle, U.S.M.C.
7.4%
CBSGomer Pyle, U.S.M.C.
7.4%
CBSGomer Pyle, U.S.M.C.
7.4%
CBSTouched by an Angel
7.1%
CBSTouched by an Angel
7.1%
ABCThe Six Million Dollar Man
7%
ABCDisneyland
6.9%
ABCDisneyland
6.9%
ABCDisneyland
6.9%
ABCThe Lone Ranger
6.8%
ABCThe Lone Ranger
6.8%
ABCThe Lone Ranger
6.8%
ABCThe Donna Reed Show
6.2%
ABCThe Rifleman
5.9%
NBCTexaco Star Theater
5.7%
NBCTEXACO STAR THEATER
5.7%
FoxJoe Millionaire
5.7%
CBSUndercover Boss
5.5%
CBSHere's Lucy
5.4%
CBSThe Red Skelton Hour
5.2%
CBSTHE $64,000 QUESTION
5.1%
ABCMake Room For Daddy
4.8%
NBCThe Flip Wilson Show
4.7%
NBCThe Flip Wilson Show
4.7%
CBSArthur Godfrey's Talent Scouts
4.5%
CBSArthur Godfrey's Talent Scouts
4.5%
FoxTemptation Island
4.4%
NBCReal People
3.6%
NBCReal People
3.6%
NBCYou Bet Your Life
3.5%
ABCBen Casey
3.5%
ABCS.W.A.T.
3.4%
ABC77 Sunset Strip
3.2%
NBCThe Perry Como Show
2.7%
ABCThe Real McCoys
2.7%
NBCTales of Wells Fargo
2.5%
ABCThe Life & Legend of Wyatt Earp
2.5%
ABCRich Man, Poor Man
2.5%
NBCThe Big Event
2.4%

You're not logged in!

Compare scores with friends on all Sporcle quizzes.
Sign Up with Email
OR
Log In

You Might Also Like...

Show Comments

Extras

Top Quizzes Today


Score Distribution

Your Account Isn't Verified!

In order to create a playlist on Sporcle, you need to verify the email address you used during registration. Go to your Sporcle Settings to finish the process.

Report this User

Report this user for behavior that violates our Community Guidelines.

Details: